Análisis hidrológico e hidráulico del cauce el Arrollo en el Barrio San Judas en el departamento de Managua
Presenta el análisis hidrológico e hidráulico del cauce el Arrollo en el barrio San Judas en el departamento de Managua, presenta las características de la cuenca según su punto de cierre, así como la estimación del comportamiento hidrológico y su comportamiento hidráulico.
| Main Authors: | , , |
|---|---|
| Other Authors: | |
| Format: | Tesis Section = Libro |
| Language: | Undetermined Spanish |
| Published: |
Managua
UNI
2012
|
| Subjects: |
| LEADER | 01158nam a2200265Ia 4500 | ||
|---|---|---|---|
| 008 | 240830s9999 xx 000 0 und d | ||
| 040 | |a BIBLIOTECA-RUPAP T.Mon 627.4 H557 | ||
| 041 | |a spa | ||
| 082 | |a T.Mon 627.4 H557 | ||
| 100 | 1 | |a Hernández Hernández, José Antonio, | |
| 100 | 1 | |b Méndez Tijerino, Teresa Marí | |
| 100 | 1 | |c Bolaños Figueroa, Pablo Alberto | |
| 245 | 1 | 0 | |a Análisis hidrológico e hidráulico del cauce el Arrollo en el Barrio San Judas en el departamento de Managua |
| 260 | |a Managua |b UNI |c 2012 | ||
| 300 | |a 86 p. :il. | ||
| 500 | |a Contiene: anexos. | ||
| 502 | |a Tesis (Ingeniero Civil)- UNI, 2012. | ||
| 520 | 3 | |a Presenta el análisis hidrológico e hidráulico del cauce el Arrollo en el barrio San Judas en el departamento de Managua, presenta las características de la cuenca según su punto de cierre, así como la estimación del comportamiento hidrológico y su comportamiento hidráulico. | |
| 650 | 7 | |a ANALISIS HIDRAULICO | |
| 650 | 7 | |b ANALISIS HIDROLOGICO | |
| 650 | 7 | |c CONTROL DE INUNDCIONES | |
| 700 | 1 | |a Tutor: |b Lanza Mejía, Nestor Javier | |
| 942 | |c BK |2 ddc | ||
| 991 | |a TESIS | ||
| 999 | |c 18432 | ||